| 000 | 00623nam a2200181Ia 4500 | ||
|---|---|---|---|
| 008 | 100921s9999 xx 000 0 und d | ||
| 082 |
_b38974 _a891.463 न 02 |
||
| 100 | _aआलनहळ्ळी श्रीकृष्ण,अनु,खेर माणिक. | ||
| 245 | _aरान. | ||
| 260 |
_bअनुबंध,पुणे. _c2002 |
||
| 300 |
_a88 _bजीवनग्रंथ वितरण,औरंगाबाद |
||
| 365 | _b75 | ||
| 520 | _aललित-कादंबरी. | ||
| 630 | _aरान. | ||
| 650 | _aललित-कादंबरी. | ||
| 730 | _aरान. | ||
| 942 | _cBOOK | ||
| 999 |
_c788087 _d788084 |
||